Next generation SDH/SONET : (Record no. 175705)

000 -LEADER
fixed length control field 01148 a2200241 4500
003 - CONTROL NUMBER IDENTIFIER
control field Nust
005 - DATE AND TIME OF LATEST TRANSACTION
control field 20220816184804.0
010 ## - LIBRARY OF CONGRESS CONTROL NUMBER
LC control number 2005415032
020 ## - INTERNATIONAL STANDARD BOOK NUMBER
International Standard Book Number 0470091207 (hard)
035 ## - SYSTEM CONTROL NUMBER
System control number (OCoLC)ocm58556680
040 ## - CATALOGING SOURCE
Transcribing agency Nust
082 04 - DEWEY DECIMAL CLASSIFICATION NUMBER
Classification number 621.3821,HEL
100 1# - MAIN ENTRY--PERSONAL NAME
Personal name Helvoort, Huub van.
9 (RLIN) 59169
245 10 - TITLE STATEMENT
Title Next generation SDH/SONET :
Remainder of title evolution or revolution? /
Statement of responsibility, etc. Huub van Helvoort.
260 ## - PUBLICATION, DISTRIBUTION, ETC.
Place of publication, distribution, etc. Chichester, West Sussex, England ; Hoboken, N.J. :
Name of publisher, distributor, etc. J. Wiley & Sons,
Date of publication, distribution, etc. c2005.
300 ## - PHYSICAL DESCRIPTION
Extent x, 240 p. :
Other physical details ill. ;
Dimensions 24 cm.
505 ## - FORMATTED CONTENTS NOTE
Formatted contents note Introduction (Page-1), Concatenation (Page-9), Link Capacity Adjustment Scheme (Page-35), The LCAS Protocol (Page-67),LCAS Time Sequece Diagrams (Page-81), Generic Framing Procedure (Page-99), Functional Models for LCAS and GFP (Page -125), The LCAS Procedure Exercised (Page-169).
650 #0 - SUBJECT ADDED ENTRY--TOPICAL TERM
Topical term or geographic name entry element SONET (Data transmission)
9 (RLIN) 56039
650 #0 - SUBJECT ADDED ENTRY--TOPICAL TERM
Topical term or geographic name entry element Telecommunication Engineering
856 42 - ELECTRONIC LOCATION AND ACCESS
Materials specified Publisher description
Uniform Resource Identifier <a href="http://www.loc.gov/catdir/enhancements/fy0628/2005415032-d.html">http://www.loc.gov/catdir/enhancements/fy0628/2005415032-d.html</a>
856 42 - ELECTRONIC LOCATION AND ACCESS
Materials specified Table of contents only
Uniform Resource Identifier <a href="http://www.loc.gov/catdir/enhancements/fy0628/2005415032-t.html">http://www.loc.gov/catdir/enhancements/fy0628/2005415032-t.html</a>
942 ## - ADDED ENTRY ELEMENTS (KOHA)
Koha item type Reference
Source of classification or shelving scheme
Holdings
Withdrawn status Lost status Source of classification or shelving scheme Damaged status Not for loan Permanent Location Current Location Shelving location Date acquired Full call number Barcode Date last seen Price effective from Koha item type Public note
          Military College of Signals (MCS) Military College of Signals (MCS) Reference 12/12/2016 621.3821,HEL MCS32459 12/08/2016 12/12/2016 Reference Almirah No.22, Shelf No.2
© 2023 Central Library, National University of Sciences and Technology. All Rights Reserved.